[Event "SVK-ch U14"]
[Site "Tatralandia"]
[Date "2025.05.16"]
[Round "7"]
[White "Matejka, Simon"]
[Black "Kulich, Filip"]
[Result "0-1"]
[WhiteElo "1942"]
[BlackElo "2089"]
[PlyCount "68"]
[EventDate "2025.05.11"]
[EventType "swiss"]
[EventRounds "9"]
[EventCountry "SVK"]
[SourceTitle "CB21_2025"]
[SourceDate "2025.05.21"]
[SourceVersion "1"]
[SourceVersionDate "2025.05.21"]
[SourceQuality "1"]

1. Nf3 Nf6 2. g3 d5 3. Bg2 e6 4. 0-0 Be7 5. d4 0-0 6. c4 dxc4 7. Ne5 Nd5 8. Nxc4 b5 9. Ne5 Bb7 10. a4 b4 11. Nd2 Nd7 12. Ndc4 c5 13. Nxd7 Qxd7 14. dxc5 Bxc5 15. e4 Nf6 16. Qxd7 Nxd7 17. Na5 Ba6 18. Rd1 Ne5 19. Bf1 Bxf1 20. Kxf1 Bb6 21. Nb3 a5 22. Nd4 Rac8 23. Bf4 Nc4 24. b3 e5 25. Nf5 Rc7 26. Bc1 Na3 27. Bxa3 bxa3 28. Rac1 Rxc1 29. Rxc1 Rd8 30. Ke2 g6 31. Ne3 Bd4 32. Nc2 Rc8 33. Kd2 a2 34. b4 axb4 0-1

[Event "SVK-ch U14"]
[Site "Tatralandia"]
[Date "2025.05.14"]
[Round "5"]
[White "Matejka, Simon"]
[Black "Kvassay, Marek"]
[Result "1/2-1/2"]
[WhiteElo "1942"]
[BlackElo "1763"]
[PlyCount "66"]
[EventDate "2025.05.11"]
[EventType "swiss"]
[EventRounds "9"]
[EventCountry "SVK"]
[SourceTitle "CB21_2025"]
[SourceDate "2025.05.21"]
[SourceVersion "1"]
[SourceVersionDate "2025.05.21"]
[SourceQuality "1"]

1. e4 e6 2. d4 d5 3. Nd2 Nc6 4. Ngf3 Nf6 5. e5 Nd7 6. c3 f6 7. exf6 Qxf6 8. Be2 Bd6 9. Nf1 0-0 10. Be3 a5 11. Qd2 a4 12. Bg5 Bf4 13. Bxf4 Qxf4 14. Qxf4 Rxf4 15. Ne3 Rf8 16. g3 Ne7 17. Ng5 Nb6 18. f4 h6 19. Nf3 Nd7 20. Ng4 b6 21. Nge5 Nxe5 22. Nxe5 c5 23. Rd1 c4 24. a3 b5 25. h4 Ra6 26. h5 Nc6 27. Rf1 Nxe5 28. fxe5 Rxf1+ 29. Kxf1 Bd7 30. Kg2 Ra8 31. Rf1 Rf8 32. Rxf8+ Kxf8 33. Kh3 Ke7 1/2-1/2

[Event "SVK-ch U14"]
[Site "Tatralandia"]
[Date "2025.05.12"]
[Round "2"]
[White "Matejka, Simon"]
[Black "Slivka, Martin"]
[Result "1-0"]
[WhiteElo "1942"]
[BlackElo "1580"]
[PlyCount "51"]
[EventDate "2025.05.11"]
[EventType "swiss"]
[EventRounds "9"]
[EventCountry "SVK"]
[SourceTitle "CB21_2025"]
[SourceDate "2025.05.21"]
[SourceVersion "1"]
[SourceVersionDate "2025.05.21"]
[SourceQuality "1"]

1. e4 c6 2. c4 d5 3. cxd5 cxd5 4. exd5 Nf6 5. Bb5+ Bd7 6. Bc4 Bf5 7. Nc3 Nbd7 8. Qf3 Nb6 9. Qxf5 Nxc4 10. Nf3 Nb6 11. 0-0 Nbxd5 12. d4 e6 13. Qd3 Bd6 14. Re1 0-0 15. Ne5 Bb4 16. Bd2 Qd6 17. a3 Ba5 18. Nc4 Qd8 19. Nxd5 Bxd2 20. Nxf6+ Qxf6 21. Nxd2 Rfd8 22. Nf3 Rd5 23. Re5 Rd6 24. Rc1 g6 25. Rec5 Rdd8 26. Rc7 1-0

[Event "SVK-chT U16 rapid"]
[Site "Poprad"]
[Date "2025.05.04"]
[Round "6.3"]
[White "Ropovik, Samuel"]
[Black "Matejka, Simon"]
[Result "1-0"]
[WhiteElo "1814"]
[BlackElo "1844"]
[PlyCount "145"]
[EventDate "2025.05.04"]
[EventType "team-swiss (rapid)"]
[EventRounds "7"]
[EventCountry "SVK"]
[SourceTitle "CB19_2025"]
[SourceDate "2025.05.07"]
[SourceVersion "1"]
[SourceVersionDate "2025.05.07"]
[SourceQuality "1"]

1. e4 c5 2. Nf3 d6 3. d4 cxd4 4. Nxd4 Nf6 5. Nc3 Nc6 6. Bg5 e6 7. Bb5 Bd7 8. Qd3 Nxd4 9. Bxd7+ Qxd7 10. Qxd4 Be7 11. 0-0-0 a6 12. f4 Rd8 13. Rhe1 h6 14. Bh4 0-0 15. e5 Ne8 16. Bxe7 Qxe7 17. Ne4 d5 18. Nc3 Nc7 19. Re3 g6 20. Kb1 Kg7 21. Rh1 f5 22. exf6+ Qxf6 23. Ne2 Qxd4 24. Nxd4 Rxf4 25. Nxe6+ Nxe6 26. Rxe6 Rdf8 27. b3 Rf1+ 28. Rxf1 Rxf1+ 29. Kb2 Rf2 30. Re7+ Kf6 31. Rxb7 Rxg2 32. Rb6+ Kf5 33. Rxa6 h5 34. b4 h4 35. b5 Re2 36. b6 Re8 37. b7 Rb8 38. Rb6 g5 39. a4 g4 40. Rb3 Kf4 41. Rb4+ Kf3 42. a5 g3 43. hxg3 hxg3 44. Rb3+ Kf2 45. Rxg3 Rxb7+ 46. Rb3 Ra7 47. Rb5 d4 48. Re5 Rb7+ 49. Ka3 Rc7 50. Kb3 Rc3+ 51. Kb2 Rc6 52. Kb3 Rc3+ 53. Kb2 Rc6 54. Rb5 Ke3 55. Rb6 Rc7 56. a6 Ra7 57. Rc6 Kd2 58. Kb3 d3 59. Rd6 Ke3 60. cxd3 Kf4 61. Kc4 Ke5 62. Kc5 Rc7+ 63. Rc6 Rd7 64. d4+ Kf5 65. d5 Ke5 66. Re6+ Kf5 67. Kc6 Ra7 68. Kb6 Rd7 69. a7 Rxd5 70. Re7 Kf6 71. Rc7 Rd8 72. Kb7 Ke6 73. a8Q 1-0

[Event "Wch U12"]
[Site "Montesilvano"]
[Date "2024.11.25"]
[Round "10"]
[White "Filindash, Nikita"]
[Black "Matejka, Simon"]
[Result "1/2-1/2"]
[WhiteElo "2076"]
[BlackElo "1924"]
[PlyCount "93"]
[EventDate "2024.11.15"]
[EventType "swiss"]
[EventRounds "11"]
[EventCountry "ITA"]
[SourceTitle "CB48_2024"]
[SourceDate "2024.11.28"]
[SourceVersion "1"]
[SourceVersionDate "2024.11.28"]
[SourceQuality "1"]

1. d4 Nf6 2. c4 e6 3. Nc3 Bb4 4. e3 0-0 5. Bd3 d5 6. Nf3 c5 7. 0-0 Nc6 8. a3 Bxc3 9. bxc3 dxc4 10. Bxc4 Qc7 11. Bb2 Rd8 12. Rc1 e5 13. h3 Bf5 14. Qe2 h6 15. Ba2 e4 16. Nd2 Rd7 17. Nb3 b6 18. c4 cxd4 19. Nxd4 Bg6 20. c5 Nxd4 21. Bxd4 bxc5 22. Rxc5 Qd8 23. Qc4 Ne8 24. Rc1 Nd6 25. Qa6 Kh7 26. Bd5 Rb8 27. Rc6 Nf5 28. Bxe4 Nxd4 29. Bxg6+ fxg6 30. exd4 Rxd4 31. Rxg6 Rd1+ 32. Rxd1 Qxd1+ 33. Kh2 Rf8 34. Rg4 Qd7 35. Qg6+ Kg8 36. Rg3 Qc7 37. Qe6+ Kh8 38. Qe3 Rf6 39. Kg1 Rc6 40. Qe8+ Kh7 41. Qe4+ Kh8 42. f4 Rf6 43. Rg4 Qc1+ 44. Kh2 Qxa3 45. Qb7 Qf8 46. Qxa7 Rxf4 47. Rxf4 1/2-1/2

[Event "SVK-ch U2300"]
[Site "Liptovsky Jan"]
[Date "2024.06.15"]
[Round "1"]
[White "Veres, Alex"]
[Black "Matejka, Simon"]
[Result "0-1"]
[WhiteElo "1651"]
[BlackElo "1987"]
[PlyCount "74"]
[EventDate "2024.06.15"]
[EventType "swiss"]
[EventRounds "8"]
[EventCountry "SVK"]
[SourceTitle "CBM 220 Extra"]
[Source "ChessBase"]
[SourceDate "2024.07.31"]
[SourceVersion "1"]
[SourceVersionDate "2024.07.31"]
[SourceQuality "1"]

1. e4 c5 2. Nf3 d6 3. d4 cxd4 4. Nxd4 Nf6 5. Nc3 Nc6 6. Be3 Ng4 7. Qd2 Nxe3 8. Qxe3 g6 9. Nxc6 bxc6 10. Qd4 e5 11. Qe3 Qb6 12. Qxb6 axb6 13. Bc4 Bh6 14. 0-0 Ke7 15. a3 f5 16. f3 Be6 17. Bd3 d5 18. exd5 cxd5 19. Nb5 e4 20. fxe4 dxe4 21. Be2 Rac8 22. c3 Bb3 23. a4 Rhd8 24. a5 bxa5 25. Rxa5 Be3+ 26. Kh1 Rd2 27. Na7 Rc7 28. Nb5 Rcd7 29. Nd4 Bxd4 30. Bb5 Bb6 31. Ra3 Rd1 32. Rxb3 Rxf1+ 33. Bxf1 Rd1 34. g3 Rxf1+ 35. Kg2 Rg1+ 36. Kh3 e3 37. Rb5 Bc7 0-1

[Event "SVK-chT2A 2324"]
[Site "Slovakia"]
[Date "2023.11.12"]
[Round "4.6"]
[White "Melih, Mario"]
[Black "Matejka, Simon"]
[Result "1/2-1/2"]
[WhiteElo "1842"]
[BlackElo "1792"]
[PlyCount "51"]
[EventDate "2023.10.07"]
[EventType "team-tourn"]
[EventRounds "11"]
[EventCountry "SVK"]
[SourceTitle "EXT 2025"]
[Source "ChessBase"]
[SourceDate "2024.10.14"]
[SourceVersion "1"]
[SourceVersionDate "2024.10.14"]
[SourceQuality "1"]
[WhiteTeam "Trnava Lokomotiva"]
[BlackTeam "Bratislava Doprastav II"]
[WhiteTeamCountry "SVK"]
[BlackTeamCountry "SVK"]

1. e4 e6 2. d4 d5 3. Nc3 Nf6 4. e5 Nfd7 5. f4 c5 6. Nf3 a6 7. Be3 Nc6 8. Qd2 c4 9. Be2 Qa5 10. Nd1 Qxd2+ 11. Bxd2 b5 12. Ne3 f5 13. b3 Nb6 14. a4 Be7 15. Kf2 0-0 16. Rhb1 Rb8 17. h3 g6 18. g3 h6 19. a5 Na8 20. b4 Bd7 21. c3 Kh7 22. Rh1 Rg8 23. g4 Rbf8 24. Ng2 Be8 25. Rag1 Rg7 26. g5 1/2-1/2